000 00632nam a22002537a 4500
003 UA-OsUOA
001 78734
007 ta
008 20111019b un ||||| |||| 00| 0 ukr d
100 _aХаритон
700 _aЛонг
700 _aГелидор
090 _a821.161.1
_bХ20
942 _cBK
040 _aUA-OsUOA
_brus
_cUA-OsUOA
_dUA-OsUOA
245 _aГреческий роман
300 _a528 с.
955 _a3
041 _arus
080 _a821.161.1
260 _aМ.
_bПравда
_c1988
650 7 _a82 Література. Літературознавство
_2UDC
999 _c365044
_d365044